000
00234nam a2200097Ia 4500
008
220120s9999||||xx |||||||||||||| ||und||
082
_a
005.1 BAN
100
_a
Banerjee
245
0
_a
Sprite of C and data structures
300
_a
375p.
_b
0
999
_c
136363
_d
136363